TREES on the farm : assessing the adoption potential of agroforestry practices in Africa

Bibliographic Details
Other Authors: Franzel, Scherr
Format: Book
Published: Oxon : CABI , 2002
Subjects:

MARC

LEADER 00000cam a2200000 7i4500
001 0000001946
005 20020713.0
020 0 0 |a 0851995616 
090 0 0 |a 634.99096   |b TRE 2002 
245 0 0 |a TREES on the farm :   |b assessing the adoption potential of agroforestry practices in Africa   |c edited by S. Franzel, S. J. Scherr 
260 0 0 |a Oxon :   |b CABI ,   |c 2002 
300 |a ix, 197 p. :   |b ill. ;   |c 24 cm. 
500 0 0 |a Includes bibliographical references and index 
650 0 0 |a Agroforestry systems   |z Africa 
650 0 0 |a Agroforestry   |x Technology transfer   |z Africa 
700 0 1 |a Franzel   |h Steven Charles 
700 0 1 |a Scherr   |h Sara J. 
998 |a JPSM 
999 |a 0000003316   |b Monograph   |c Open Shelf   |e Default branch